[Event "Open Ricany 2006"]
[Site "?"]
[Date "2006.??.??"]
[Round "9.10"]
[White "Horak, Vladimir"]
[Black "Fojtu, Jan"]
[Result "1/2-1/2"]
[WhiteElo "2107"]
[BlackElo "2014"]
[PlyCount "117"]
[EventDate "2006.??.??"]

1. Nf3 c5 2. c3 d6 3. d4 cxd4 4. cxd4 g6 5. e3 Bg7 6. Be2 Nf6 7. O-O a6 8. Nc3
b5 9. b4 Bb7 10. a4 bxa4 11. Qxa4+ Nbd7 12. Bd2 O-O 13. Qa5 Nb6 14. b5 axb5 15.
Qxb5 Rb8 16. Na4 Nxa4 17. Qxa4 Qc8 18. Rfc1 Qe6 19. Rab1 Ra8 20. Qb3 Bd5 21.
Bc4 Bxc4 22. Qxc4 Qxc4 23. Rxc4 Ne4 24. Rc2 Rfb8 25. Rxb8+ Rxb8 26. Kf1 g5 27.
h3 h6 28. Ke2 d5 29. Ne1 e6 30. Nd3 Nd6 31. Bb4 Nc4 32. Bc5 Ra8 33. f3 Ra1 34.
Bb4 Bf8 35. Bc3 Ra7 36. Be1 Bd6 37. e4 f6 38. Bc3 Be7 39. Nb4 Ra4 40. Nd3 Na3
41. Ra2 Rc4 42. Ba1 Nc2 43. exd5 exd5 44. Ra5 Nxa1 45. Rxa1 Rxd4 46. Ra5 Kf7
47. Ke3 Rc4 48. Rxd5 Rc2 49. g4 Rh2 50. Nf2 Ke6 51. Rb5 Bd6 52. Ne4 Bf4+ 53.
Kd3 Rxh3 54. Rb6+ Ke7 55. Rb7+ Kd8 56. Nxf6 Rxf3+ 57. Ke4 Rc3 58. Rd7+ Kc8 59.
Rh7 1/2-1/2

[Event "Open Ricany 2006"]
[Site "?"]
[Date "2006.??.??"]
[Round "9.7"]
[White "Mazoch, Jiri"]
[Black "Koys, Milan"]
[Result "1/2-1/2"]
[WhiteElo "2090"]
[BlackElo "2103"]
[PlyCount "176"]
[EventDate "2006.??.??"]

1. d4 Nf6 2. c4 c5 3. d5 e5 4. Nc3 d6 5. e4 Be7 6. Bd3 Nbd7 7. Nge2 Nf8 8. Ng3
Ng6 9. Nf5 O-O 10. g3 Re8 11. Nxe7+ Qxe7 12. h4 h6 13. Qe2 Bd7 14. Bd2 a6 15.
a4 Reb8 16. f3 Ne8 17. Qh2 Nf8 18. Kf2 Nc7 19. Rhb1 b6 20. Qh1 Qe8 21. Qf1 Rb7
22. b4 cxb4 23. Rxb4 a5 24. Rb2 Na6 25. Be3 Rab8 26. Qb1 Qd8 27. Ra3 Qc7 28.
Nb5 Bxb5 29. Rxb5 Nd7 30. Bf1 Ndc5 31. Qc2 Nb4 32. Qd1 Kh7 33. Qb1 Qe7 34. Bd2
Nca6 35. Bxb4 Nxb4 36. Rc3 g6 37. Qe1 Rf8 38. Qe3 Qd7 39. Kg1 Na6 40. Bd3 Nc5
41. Bc2 Qd8 42. Kg2 f6 43. Ra3 Qe8 44. Ra1 Rg8 45. Rh1 h5 46. f4 Qc8 47. Qe2
exf4 48. gxf4 Kh6 49. Kf2 Re8 50. Qf3 Rbe7 51. e5 fxe5 52. f5 gxf5 53. Bxf5 Rf7
54. Qe3+ Kg7 55. Rg1+ Kf8 56. Qh6+ Ke7 57. Qg5+ Kf8 58. Qg8+ Ke7 59. Qxf7+ Kxf7
60. Bxc8 Rxc8 61. Rxb6 Ne4+ 62. Ke3 Rxc4 63. Rf1+ Kg6 64. Rb8 Nf6 65. Rg1+ Ng4+
66. Ke2 Kf5 67. Rf8+ Ke4 68. Kd2 Kxd5 69. Rf5 Nh2 70. Ke2 Rxh4 71. Rd1+ Ke4 72.
Rf2 Ng4 73. Rf8 Rh2+ 74. Ke1 Ke3 75. Rxd6 Nf2 76. Kf1 h4 77. Rg8 e4 78. Rd5 Nd3
79. Rxa5 Ne1 80. Rb5 Nf3 81. Rb3+ Kf4 82. Rf8+ Kg3 83. Rg8+ Kh3 84. a5 Ra2 85.
Rg5 Kh2 86. Rxf3 exf3 87. a6 Rxa6 88. Kf2 Rf6 1/2-1/2